| 000 | 00863ntm a22002297a 4500 | ||
|---|---|---|---|
| 005 | 20170809112612.0 | ||
| 008 | 170802s2010 xx a frb 000 0 eng d | ||
| 040 |
_aEG-ScBUE _beng _cEG-ScBUE |
||
| 082 | 0 | 4 |
_222 _a624 _bSHO |
| 100 | 1 | _aEl-Shorbagy, Ahmed said. | |
| 245 | 1 | 0 |
_aFootball stadiums : _cAhmed Said El-Shorbagy. _bcreating a new identity for egyptian football clubs / |
| 260 | _c2010. | ||
| 300 |
_aiv, 93 p. : _bill. (col.) ; _c28 cm. |
||
| 500 | _aA thesis submitted to The Faculty Of Engineering, The British University In Egypt, in partial fulfillment of the requirements for the degree of bachelor in Architectural Engineering. | ||
| 590 | _aNour | ||
| 650 | 7 |
_2BUEsh _vProjects _aArchitecture engineering |
|
| 653 |
_bENGARC _cAugust2017 |
||
| 655 | _vSPRO | ||
| 700 | 1 |
_aRashed, Ahmed. _eths |
|
| 700 | 1 |
_aSheweka, Samar. _eths |
|
| 942 | _2ddc | ||
| 999 |
_c25205 _d25177 |
||